| 000 | 00545nam a2200193Ia 4500 | ||
|---|---|---|---|
| 003 | OSt | ||
| 005 | 20200917120358.0 | ||
| 008 | 190216s9999||||xx |||||||||||||| ||und|| | ||
| 020 | _a9788122403244 | ||
| 040 | _coclc | ||
| 082 |
_a621.366 _bLAU/L |
||
| 100 |
_aLaud, B B _94385 |
||
| 245 | 0 |
_aLasers And Non Linear Optics / _cB B Laud |
|
| 250 | _a2nd Ed. | ||
| 260 |
_bNew Age International Publishers, _aNew Delhi: _c2005. |
||
| 300 | _a262p | ||
| 650 | _aPhysics | ||
| 942 |
_cBK _2ddc _h621.366 _iLAU/L _k621.366 _mLAU/L |
||
| 999 |
_c33946 _d33946 |
||